Životný cyklus podniku bakalárska práca

Uložené v:
Podrobná bibliografia
Hlavný autor: Mačorová, Simona
Korporativný autor: Fakulta podnikového manažmentu EU. Katedra podnikovohospodárska
Ďalší autori: Majdúchová, Helena, 1963-
Médium: Kniha
Jazyk:Slovak
Vydavateľské údaje: Bratislava 2010
Tagy: Pridať tag
Žiadne tagy, Buďte prvý, kto otaguje tento záznam!

MARC

LEADER 00000nbm a2200000 4500
001 0133558
005 20161109111536.3
041 0 |a slo 
044 |a SK 
245 1 0 |a Životný cyklus podniku  |b bakalárska práca  |c Simona Mačorová ; školiteľ: Helena Majdúchová 
264 1 |a Bratislava  |c 2010 
300 |a 50 s. 
100 1 |a Mačorová, Simona 
700 1 |a Majdúchová, Helena, 1963- 
710 2 |a Fakulta podnikového manažmentu EU. Katedra podnikovohospodárska